000 00598cam a2200217 a 4500
001 000017360
005 20200929165106.0
008 890607s1988 sp 001 0 spa d
020 _a8475222242
040 _aDO-SdBNP
_cDLC
_dDLC
050 0 0 _aMLCS 89/04228 (P)
082 _annn
_bA561e
100 1 _aAndréu, Blanca,
_d1959-
_938016
245 1 0 _aElphistone /
_cBlanca Andréu.
260 _aMadrid :
_bVisor,
_c1988.
300 _a69 p. ;
_c19 cm.
490 1 _aVisor de poesía
_v224
830 0 _aVisor de poesía ;
_v224
_913366
910 _aCatalogación por copia / LC
049 _a8NGR
999 _c16885
_d16885